000 00962nam a2200289 a 4500
005 20191224041700.0
008 140310t2001 ec ||||gr|||| 00| 0 spa d
040 _aCO-BoIAVH
_cCO-BoIAVH
041 _aspa
044 _aec
082 4 _a581.634
_bA11p
100 1 _aRibeiro Silva, Suelma
_918818
245 1 _aPlantas medicinales de Brasil
_baspectos generales sobre legislación y comercio
260 _aQuito
_bTraffic América del Sur
_c2001
300 _a55 paginas.:
_bilustraciones, graficos.
_c29 x 21 cm
650 4 _aPlantas medicinales
_955945
650 4 _aPlantas útiles
_955946
650 4 _aEspecies promisorias
_94674
650 4 _aLegislación ambiental
_955947
650 4 _aComercio agropecuario
_918822
650 4 _aConservación de plantas
_916351
662 _aBrasil
700 1 _aBuitrón C., Ximena
_913462
700 1 _aOliveira, Lucía Helena de
_918823
700 1 _aMarcus Vinícius, M. Martins
_918824
942 _cLIBRO
_2ddc
999 _c3175
_d3175